The Missing Word - Nicole Kidman's Movies - Statistics

General Stats
  • This quiz has been taken 33 times
  • The average score is 16 of 20
Answer Stats
Hint Answer % Correct
Moulin ___! Rouge
97%
Eyes ___ Shut Wide
97%
Far and ___ Away
93%
___ Forever Batman
93%
To Die ___ For
93%
The ___ of a Lady Portrait
90%
The Killing of a ___ Deer Sacred
90%
My ___ Life
86%
___ Hole Rabbit
86%
Before I Go to ___ Sleep
86%
The ___ Wives Stepford
86%
___ Bewitched
83%
Cold ___ Mountain
83%
Days of ___ Thunder
83%
Queen of the ___ Desert
79%
___ of Monaco Grace
79%
___ Girl Birthday
76%
The ___ Others
69%
The ___ Man Railway
52%
The Human ___ Stain
48%
No matching quizzes found
Score Distribution
Percent of People with Each Score
Percentile by Number Answered
Your Score History
You have not taken this quiz